00521nam a2200193 a 4500003000900000005001700009008004100026020001800067040001300085245005700098250001200155260004000167300002000207650001700227650001500244650002100259655001500280700003200295AR-BaBNM20251128205658.0082120s2002    ||||||||||||||000 | spa||  a84-274-0373-9  cAR-BaBNM00aDiccionario literariobapéndice de obras. 1 : A-LL  a1ª ed.  aBarcelonabMontaner y Simónc1978  axv, 758 p.bil. 4aDICCIONARIOS 4aESCRITORES 4aOBRAS LITERARIAS  aREFERENCIA1 aBompiani, Valentinoeeditor